[Event "3rd IECC"]
[Site "Batumi GEO"]
[Date "2002.06.16"]
[Round "5"]
[White "Delchev,A"]
[Black "Milov,V"]
[Result "1/2-1/2"]
[WhiteElo "2550"]
[BlackElo "2606"]

1.e4 e6 2.d4 d5 3.e5 c5 4.c3 Qb6 5.Nf3 Bd7 6.Qb3 Nc6 7.Be3 cxd4 8.Qxb6 axb6
9.Nxd4 Nxd4 10.cxd4 Ne7 11.Nc3 Nf5 12.Bd3 Nxe3 13.fxe3 Bc6 14.Nb5 Ra5 15.a4 Bb4+
16.Ke2 Ke7 17.b3 f6 18.Rac1 Raa8 19.Rc2 h6 20.Rhc1 Rhc8 21.g4 Kd7 22.h4 Be7
23.h5 Rf8 24.exf6 Rxf6 25.Rf1 Rxf1 26.Kxf1 Bh4 27.Kg2 Ke7 28.Nc3 Rf8 29.Bb5 Bg5
30.Re2 Rc8 31.e4 Bxb5 32.Nxb5 dxe4 33.Rxe4 Kd7 34.Kf1 Be7 35.Ke2 Rc2+ 36.Kd3 Rg2
37.Nc3 Bd6  1/2-1/2

[Event "3rd IECC"]
[Site "Batumi GEO"]
[Date "2002.06.20"]
[Round "8"]
[White "Milov,V"]
[Black "Supatashvili,K"]
[Result "1-0"]
[WhiteElo "2606"]
[BlackElo "2509"]

1.c4 e5 2.Nc3 Bb4 3.Nf3 Bxc3 4.dxc3 Nc6 5.e4 d6 6.Bd3 Nge7 7.Nh4 O-O 8.Qf3 Qe8
9.Be3 b6 10.Nf5 Nd8 11.h4 Ne6 12.Qg4 Kh8 13.O-O-O f6 14.g3 Qf7 15.h5 Nc5
16.Bc2 Be6 17.b3 a5 18.a4 h6 19.Qe2 Nxf5 20.exf5 Bd7 21.Rh4 Rae8 22.Qg4 e4
23.Bxc5 bxc5 24.Bxe4 Re5 25.Qf3 Rb8 26.Kc2 Qe8 27.Ra1 Rb6 28.Ra3 Bc6 29.Bxc6 Rxc6
30.Ra1 Rb6 31.Rb1 Rb8 32.Rhh1 Qe7 33.Rhd1 Re8 34.Rd2 Re4 35.Rbd1 Qe5 36.Rd5 Qe7
37.R5d3 Kg8 38.R1d2 Kf8 39.Kb2 Qe5 40.Rd5 Qe7 41.Qd3 Qf7 42.Qf3 Qe7 43.Rc2 Rb8
44.Ka2 Re8 45.Rdd2 Qe5 46.Rd3 Qe7 47.g4 Qe5 48.Qd1 Qf4 49.Rg3 R8e5 50.Kb2 Qg5
51.Rg1 Qf4 52.Rd2 Re8 53.Kc2 R8e7 54.Rg3 Re1 55.Qf3 Qxf3 56.Rxf3 Rg1 57.Rf4 Ree1
58.Kd3 Rb1 59.Re4 Rgc1 60.Rde2 Rd1+ 61.Ke3 Re1 62.Rxe1 Rxe1+ 63.Kd3 Rxe4
64.Kxe4 Ke7 65.Kd3 Kd7 66.Kc2 Kc6 67.b4 axb4 68.cxb4 cxb4 69.Kb3 Kb6 70.Kxb4 c5+
71.Kc3 Ka5 72.Kb3 Kb6 73.Kc2 Ka5 74.Kd3 Kxa4 75.Ke4 Kb4 76.Kd5 Kc3 77.f4 Kd3
78.g5 Kc3 79.g6 Kd3 80.Ke6 Kxc4 81.Kf7 Kd4 82.Kxg7 c4 83.Kxf6 c3 84.g7 c2
85.g8=Q c1=Q 86.Qb8 Qc5 87.Qb1 Qc6 88.Qg1+ Kd3 89.Qe1 Qf3 90.Qb1+ Kc4 91.Qa2+ Kb5
92.Qe6 Qxf4 93.Ke7 Qg5+ 94.f6 d5  1-0

[Event "3rd IECC"]
[Site "Batumi GEO"]
[Date "2002.06.21"]
[Round "9"]
[White "Mchedlishvili,M"]
[Black "Milov,V"]
[Result "1/2-1/2"]
[WhiteElo "2540"]
[BlackElo "2606"]

1.d4 Nf6 2.c4 g6 3.g3 Bg7 4.Bg2 O-O 5.Nc3 d6 6.Nf3 Nc6 7.O-O a6 8.b3 Rb8
9.Nd5 e6 10.Nxf6+ Qxf6 11.Bb2 e5 12.d5 Nd8 13.e4 Qe7 14.Nd2 f5 15.exf5 Bxf5
16.Ne4 Bxe4 17.Bxe4 Nf7 18.h4 Qd7 19.Kg2 Nh6 20.h5 Nf5 21.hxg6 hxg6 22.Rh1 Bf6
23.Qd3 Kg7 24.Rh3 Rh8 25.Rah1 Rxh3 26.Rxh3 Rh8 27.Rxh8 Kxh8 28.Bc1 Kg7 29.b4 Ne7
30.Qd2 Kf7 31.Qh6 Bg7 32.Qh7 Qc8 33.c5 Qh8 34.Qxh8 Bxh8 35.Kf3 Bg7 36.Ke2 Ng8
37.Kd3 Bh6 38.Bb2 Nf6 39.Bf3 b6 40.c6 Ke7 41.Bc3 b5 42.Be4 Bc1 43.f3 Nxe4
44.Kxe4 Ke8 45.Be1 Ke7 46.f4 exf4 47.gxf4 Bb2 48.Kf3 Bd4 49.Kg4 Kf7 50.Bh4 Bf6
51.Bg5 Kg7 52.f5 Kf7 53.Bf4 Be7 54.Bh6 Bd8 55.Be3 Be7 56.Bf4 Kg7 57.Bg3 Kf7
58.Bf2 Kg7 59.Be3 Kf7 60.Bh6 Bd8 61.Bf4 Be7 62.Bh6  1/2-1/2

[Event "3rd IECC"]
[Site "Batumi GEO"]
[Date "2002.06.23"]
[Round "11"]
[White "Milov,V"]
[Black "Sargissian,G"]
[Result "1/2-1/2"]
[WhiteElo "2606"]
[BlackElo "2538"]

1.d4 Nf6 2.c4 e6 3.Nc3 Bb4 4.e3 O-O 5.Bd3 c5 6.d5 d6 7.Nf3 exd5 8.cxd5 Nbd7
9.O-O Re8 10.Re1 a6 11.e4 Nf8 12.a3 Ba5 13.h3 Ng6 14.Rb1 b5 15.b4 Bb6 16.Be3 Nd7
17.Bf1 Nf6 18.Qc2 cxb4 19.axb4 Bxe3 20.Rxe3 Qb6 21.Qd2 Bd7 22.Qd4 Qxd4 23.Nxd4 Rec8
24.Ra1 Ne5 25.f3 g5 26.Kf2 h5 27.Nd1 Nc4 28.Rc3 Nb6 29.Rxc8+ Bxc8 30.Rc1 Ne8
31.Ne3 Bd7 32.g3 Rc8 33.Rxc8 Bxc8 34.h4 gxh4 35.gxh4 Kf8 36.Kg3 Ng7 37.Be2 f6
38.Bf1 Kf7 39.Kf4 Bd7 40.Kg3 Bc8 41.f4 Na4 42.Nd1 Nb6 43.Nc3 Ke7 44.Be2 Kf7
45.Kf2 Ke7 46.Ke3 Kf7 47.Nb3 Ke7 48.Nd2 Kf7 49.Nf1 Bg4 50.Bd3 Ke7 51.Kd4 Bd7
52.Ng3 Be8 53.Nd1 Bg6 54.Ne3 Nd7 55.Bf1 Nb6 56.Bh3 Kf8 57.e5 fxe5+ 58.fxe5 Ke7
59.e6 Kf6 60.Bg2 Nc8 61.Bf3 Ne7 62.Be2 Nc8 63.Bf3 Ne7 64.Be4 Be8 65.Nd1 Nef5+
66.Bxf5 Nxf5+ 67.Nxf5 Kxf5 68.Nf2 Kf6 69.Ne4+ Ke7 70.Ke3 Bg6 71.Kf4 Bxe4
72.Kxe4 Kf6 73.Kf4 Kg6 74.e7 Kf7 75.Kg5 Kxe7 76.Kxh5 Kd7 77.Kg5 a5 78.bxa5 b4
79.h5 b3 80.h6 b2 81.h7 b1=Q 82.h8=Q Qg1+ 83.Kf5 Qb1+ 84.Kg5 Qg1+  1/2-1/2

[Event "3rd IECC"]
[Site "Batumi GEO"]
[Date "2002.06.24"]
[Round "12"]
[White "Minasian,Ara"]
[Black "Milov,V"]
[Result "0-1"]
[WhiteElo "2473"]
[BlackElo "2606"]

1.e4 c5 2.Nf3 e6 3.d4 cxd4 4.Nxd4 a6 5.Bd3 Bc5 6.Nb3 Be7 7.Qg4 Nf6 8.Qxg7 Rg8
9.Qh6 Nc6 10.Nc3 Rxg2 11.Qh3 Rg8 12.Bd2 d5 13.O-O-O d4 14.Ne2 e5 15.Qf1 a5
16.a4 Nb4 17.Bb5+ Bd7 18.Ng3 Qc7 19.Bxb4 Bxb4 20.Kb1 O-O-O 21.Bxd7+ Rxd7
22.Qb5 Kb8 23.f3 Re8 24.Nc1 Rd6 25.Nh5 Nd7 26.Nd3 Rb6 27.Qd5 Rc8 28.Rc1 Bd2
29.Qxf7 Bxc1 30.Rxc1 Rc6 31.Qb3 Nb6 32.Rg1 Nc4  0-1

[Event "3rd IECC"]
[Site "Batumi GEO"]
[Date "2002.06.26"]
[Round "13"]
[White "Milov,V"]
[Black "Macieja,B"]
[Result "1/2-1/2"]
[WhiteElo "2606"]
[BlackElo "2584"]

1.d4 Nf6 2.Bg5 e6 3.e4 h6 4.Bxf6 Qxf6 5.c3 c5 6.Nf3 Nc6 7.d5 Ne5 8.Be2 Nxf3+
9.Bxf3 e5 10.a4 g6 11.Na3 d6 12.Be2 h5 13.Bb5+ Ke7 14.a5 Qh4 15.Qe2 f5 16.Bd3 Qg5
17.f3 Bh6 18.Nc4 h4 19.O-O f4 20.Kh1 h3 21.g4 fxg3 22.hxg3 Rf8 23.Kh2 Bd7
24.Rg1 Rf6 25.Raf1 Raf8 26.Qd1 Kd8 27.Be2 Bb5 28.Kxh3 Bg7 29.Kg2 Bxc4 30.Bxc4 Rh8
31.a6 b6 32.Be2 Qe3 33.Qc2 g5 34.Rh1 Rxh1 35.Rxh1 g4 36.Qd1 Rh6 37.Rxh6 Bxh6
38.fxg4 Qc1 39.Qd3 Qe3 40.Qc4 Bg5 41.Bf3 Qd2+ 42.Kh3 Qxb2 43.Bg2 Qf2 44.Qd3 Ke7
45.c4 Qe3 46.Qd1 Bf4 47.Qf3  1/2-1/2

[Event "Eu Rapid Ch"]
[Site "Panormo GRE"]
[Date "2002.09.30"]
[Round "5"]
[White "Milov,V"]
[Black "Karjakin,Sergey"]
[Result "1-0"]
[WhiteElo "2602"]
[BlackElo "2523"]

1.d4 d5 2.c4 dxc4 3.e3 Nf6 4.Bxc4 e6 5.Nf3 a6 6.O-O c5 7.a4 Nc6 8.Qe2 Be7
9.Rd1 O-O 10.Nc3 Qc7 11.h3 b6 12.d5 exd5 13.Nxd5 Nxd5 14.Bxd5 Bb7 15.e4 Rad8
16.Be3 Nb4 17.Bf4 Qxf4 18.Bxb7 Rxd1+ 19.Rxd1 Rd8 20.Rxd8+ Bxd8 21.g3 Qh6
22.Qd1 Be7 23.Qd7 Bf8 24.e5 Qg6 25.h4 h6 26.Kg2 Qe6 27.Qd8 g6 28.Bc8 Qd5
29.Qxd5 Nxd5 30.Bxa6 Bg7 31.Bc4 Ne7 32.b3 Kf8 33.e6 fxe6 34.Bxe6 Nc6 35.Ne1 Ke7
36.Bc4 Nb4 37.Kf3 Bc3 38.Ng2 g5 39.h5 Nc2 40.Ke4 Bd4 41.f4 Kf6 42.fxg5+ Kxg5
43.Nf4 Bf2 44.Nh3+  1-0

[Event "Eu Rapid Ch"]
[Site "Panormo GRE"]
[Date "2002.10.01"]
[Round "6"]
[White "Banikas,H"]
[Black "Milov,V"]
[Result "1/2-1/2"]
[WhiteElo "2521"]
[BlackElo "2602"]

1.d4 Nf6 2.c4 g6 3.Nc3 Bg7 4.e4 d6 5.f4 O-O 6.Nf3 c5 7.d5 Bg4 8.h3 Bxf3 9.Qxf3 Nbd7
10.Bd2 a6 11.a4 Re8 12.Bd3 e6 13.dxe6 Rxe6 14.O-O Qc7 15.g4 Rf8 16.Qg2 Qd8
17.f5 Ree8 18.g5 Nh5 19.f6 Ndxf6 20.gxf6 Bxf6 21.Nd5 Bxb2 22.Rab1 Bd4+ 23.Kh1 Be5
24.Rf3 Qd7 25.Bh6 Bg7 26.Bxg7 Kxg7 27.Qb2+ Re5 28.Qxb7 Qxa4 29.Rbf1 Qe8 30.Qxa6 Qe6
31.Qb7 Rg5 32.Qb2+ f6 33.Qf2 Rb8 34.h4 Re5 35.Nxf6 Nxf6 36.Rxf6 Qh3+ 37.Kg1 Qg4+
38.Kh1 Qh3+ 39.Kg1 Qg4+ 40.Kh1  1/2-1/2

[Event "Eu Rapid Ch"]
[Site "Panormo GRE"]
[Date "2002.10.01"]
[Round "7"]
[White "Milov,V"]
[Black "Movsesian,S"]
[Result "0-1"]
[WhiteElo "2602"]
[BlackElo "2654"]

1.d4 Nf6 2.c4 c6 3.Nc3 d5 4.e3 a6 5.Qc2 b5 6.b3 Bg4 7.Nge2 Nbd7 8.h3 Bh5
9.Nf4 Bg6 10.Nxg6 hxg6 11.Bb2 e6 12.c5 Qc7 13.O-O-O g5 14.Be2 g6 15.Kb1 Bg7
16.g3 e5 17.dxe5 Nxe5 18.f4 gxf4 19.exf4 Ned7 20.Bf3 Kf8 21.h4 Re8 22.Qf2 b4
23.Na4 Ne4 24.Bxg7+ Kxg7 25.Qd4+ f6 26.Rhg1 Qa5 27.Rc1 Re7 28.Rc2 Nf8 29.f5 gxf5
30.g4 Rxh4 31.gxf5+ Kf7 32.Qd1 Ng5 33.Rh1 Rxh1 34.Qxh1 Qc7 35.Qh5+ Kg8 36.Qg4 Re1+
37.Rc1 Qe5 38.Rxe1 Qxe1+ 39.Bd1 Nd7 40.Qe2 a5 41.Qe4 Nxe4 42.Kc2 Nb8 43.Kd3 Qe3+
44.Kxe3 Nc3 45.Nb6 Nxa2 46.Kd4 Nc3  0-1

[Event "Eu Rapid Ch"]
[Site "Panormo GRE"]
[Date "2002.10.01"]
[Round "8"]
[White "Smirnov,P"]
[Black "Milov,V"]
[Result "1/2-1/2"]
[WhiteElo "2539"]
[BlackElo "2602"]

1.e4 e6 2.d4 d5 3.Nc3 dxe4 4.Nxe4 Nd7 5.Nf3 Ngf6 6.Bd3 c5 7.O-O cxd4 8.Nxd4 Be7
9.Qe2 Nxe4 10.Qxe4 Nc5 11.Bb5+ Bd7 12.Qg4 Bxb5 13.Nxb5 O-O 14.Bh6 Bf6 15.Rfd1 Qb6
16.a4 Rfd8 17.Be3 a6 18.Na3 Qc6 19.Bxc5 Qxc5 20.c3 h5 21.Qf3 b5 22.axb5 axb5
23.Rxd8+ Rxd8 24.Rd1 Rxd1+ 25.Qxd1 b4 26.Nb1 g6 27.Qd3 Qe5 28.g3 Qe1+ 29.Kg2 h4
30.Nd2 hxg3  1/2-1/2

[Event "Eu Rapid Ch"]
[Site "Panormo GRE"]
[Date "2002.10.01"]
[Round "10"]
[White "Van Wely,L"]
[Black "Milov,V"]
[Result "1/2-1/2"]
[WhiteElo "2645"]
[BlackElo "2602"]

1.d4 Nf6 2.c4 g6 3.Nc3 Bg7 4.e4 d6 5.Nf3 O-O 6.Be2 e5 7.O-O Na6 8.Be3 Ng4
9.Bg5 Qe8 10.dxe5 dxe5 11.Nd2 f6 12.Bh4 Nh6 13.a3 Nc5 14.b4 Ne6 15.Nb3 c6
16.Re1 f5 17.f3 f4 18.Ra2 g5 19.Bf2 Qg6 20.Rd2 Nf7 21.c5 h5 22.Kh1 Kh8 23.Nd5 cxd5
24.exd5 Nd4 25.Nxd4 exd4 26.Bd3 Bf5 27.Re6 Qh7 28.Re7 b6 29.c6 Rae8 30.Rxa7 Bxd3
31.Rxd3 Qf5 32.Bxd4 Bxd4 33.Rxd4 Qc2 34.Rd2 Qc3 35.h3 Re3 36.Rxf7 Rxf7 37.d6 Rf8
38.d7 Rd8 39.Rc2 Re1+ 40.Kh2 Qe3 41.Qxe1  1/2-1/2

[Event "Eu Rapid Ch"]
[Site "Panormo GRE"]
[Date "2002.10.01"]
[Round "11"]
[White "Sakaev,K"]
[Black "Milov,V"]
[Result "0-1"]
[WhiteElo "2647"]
[BlackElo "2602"]

1.d4 Nf6 2.Nf3 d5 3.c4 e6 4.Nc3 Bb4 5.Bg5 Nbd7 6.cxd5 exd5 7.Rc1 c6 8.a3 Bd6
9.e3 Nf8 10.Bd3 Ng6 11.Qc2 O-O 12.Bf5 Bxf5 13.Qxf5 Qd7 14.Qxd7 Nxd7 15.Nh4 Rfe8
16.Nxg6 hxg6 17.O-O Nb6 18.Rc2 Nc4 19.Ne2 a5 20.a4 Bb4 21.Rd1 Ra6 22.b3 Nd6
23.Bf4 Rb6 24.f3 f6 25.Kf2 g5 26.Bxd6 Bxd6 27.Rd3 Kf7 28.h3 Ke6 29.Rc1 Kd7
30.Rb1 Ra6 31.Nc3 Bb4 32.Na2 Raa8 33.Rdd1 Re6 34.Rb2 Rae8 35.Re2 f5 36.Nc1 Bd6
37.Rde1 Bb4 38.Rd1 f4 39.exf4 gxf4 40.Rxe6 Kxe6 41.Ne2 Bd6 42.Re1 Kf5 43.Nc1 Rc8
44.Ne2 c5 45.Nc3 cxd4 46.Nb5 Bc5 47.g4+ fxg3+ 48.Kxg3 Rc6 49.Rd1 Rg6+ 50.Kh2 Ke5
51.Rd3 b6 52.Rd1 Rf6 53.Kg3 Rg6+ 54.Kh2 Rg5 55.h4 Rg6 56.Rd3 Rh6 57.Kg3 Rg6+
58.Kh2 Rf6 59.Kg3 Rf5 60.Rd1 Rf6 61.Re1+ Kf5 62.Rd1 Rg6+ 63.Kh2 Kf4 64.Nxd4 Ke3
65.Nf5+ Kxf3 66.Rf1+ Ke2  0-1

[Event "Eu Blitz Ch"]
[Site "Panormo GRE"]
[Date "2002.10.02"]
[Round "1"]
[White "Poffers,A"]
[Black "Milov,V"]
[Result "0-1"]
[WhiteElo "2222"]
[BlackElo "2620"]

1.g3 c5 2.Bg2 Nc6 3.e4 g6 4.d3 Bg7 5.f4 d6 6.Nf3 e5 7.O-O Nge7 8.c3 O-O 9.Be3 exf4
10.Bxf4 d5 11.e5 d4 12.c4 Bf5 13.a3 a6 14.Re1 b5 15.b3 bxc4 16.bxc4 Ra7 17.Nh4 Be6
18.Nd2 h6 19.Nhf3 Bf5 20.Ne4 Bxe4 21.Rxe4 Nf5 22.g4 Ne3 23.Bxe3 dxe3 24.Rxe3 Nxe5
25.Nxe5 Qd4 26.Qe1 Bxe5 27.Kh1 Qxa1 28.Rxe5 Rb8 29.Be4 Rb2 30.h4 Kg7 31.h5 g5
32.Rf5 Rc7 33.Rd5 Ra2 34.d4 Re7  0-1

[Event "Eu Blitz Ch"]
[Site "Panormo GRE"]
[Date "2002.10.02"]
[Round "2"]
[White "Huzman,A"]
[Black "Milov,V"]
[Result "1-0"]
[WhiteElo "2595"]
[BlackElo "2620"]

1.Nf3 Nf6 2.c4 g6 3.Nc3 Bg7 4.e4 d6 5.d4 O-O 6.Be2 e5 7.Be3 Na6 8.O-O Ng4
9.Bg5 Qe8 10.dxe5 dxe5 11.Nd2 f6 12.Bh4 Nh6 13.a3 Nc5 14.b4 Ne6 15.Nb3 c6
16.Ra2 f5 17.f3 Nd4 18.Bf2 Nxb3 19.Qxb3 Be6 20.Rd2 g5 21.h3 g4 22.exf5 gxf3
23.fxe6 fxe2 24.Rxe2 Qxe6 25.Ne4 Nf5 26.Rfe1 Kh8 27.Nc5 Qf7 28.Nd3 Nd6 29.Bc5 Qc7
30.Nxe5 Nf5 31.Bxf8 Rxf8 32.Qd3 a5 33.c5 axb4 34.axb4 b6 35.Rf1 Qc8 36.g4 Nh4
37.Nf7+ Kg8 38.Ra1  1-0

[Event "Eu Blitz Ch"]
[Site "Panormo GRE"]
[Date "2002.10.02"]
[Round "4"]
[White "Ehlvest,J"]
[Black "Milov,V"]
[Result "1-0"]
[WhiteElo "2600"]
[BlackElo "2620"]

1.d4 Nf6 2.c4 e6 3.Nf3 d5 4.e3 a6 5.a3 Nbd7 6.Nc3 b6 7.b3 Bb7 8.Bb2 Bd6 9.Bd3 O-O
10.Qc2 dxc4 11.bxc4 c5 12.d5 exd5 13.Nxd5 h6 14.e4 Nxd5 15.exd5 Re8+ 16.Kf1 b5
17.cxb5 axb5 18.Bxb5 Bxd5 19.Rd1 Nb6 20.Bxe8 Qxe8 21.Re1 Qb5+ 22.Kg1 Nc4
23.Qd3 Qc6 24.Bc1 Rd8 25.h4 Be6 26.Qc3 Bc7 27.Qc2 Nb6 28.Bb2 Nd5 29.Ng5 hxg5
30.hxg5 Nf4 31.Qh7+ Kf8 32.Qxg7+ Ke7 33.Bf6+ Kd7 34.f3 Re8 35.Rh8 Rxh8 36.Qxh8 Qd5
37.Qf8 Qd2 38.Qe7+ Kc6 39.Qe8+ Kd5 40.Qa8+ Kd6 41.Qa6+ Kd7 42.Qb5+ Kc8 43.Qe8+ Kb7
44.Rb1+ Bb6 45.Rxb6+ Kxb6 46.Qb8+ Ka6 47.Qa8+ Kb5 48.Qb7+ Ka4 49.Qa6+ Kb3
50.Qf1 c4 51.Qb1+ Ka4 52.Qf1 c3 53.Qf2 Qd1+ 54.Qf1 c2 55.Qxd1 cxd1=Q+ 56.Kh2 Qd6  1-0

[Event "Eu Blitz Ch"]
[Site "Panormo GRE"]
[Date "2002.10.02"]
[Round "7"]
[White "Milov,V"]
[Black "Sakaev,K"]
[Result "0-1"]
[WhiteElo "2620"]
[BlackElo "2647"]

1.d4 g6 2.e4 Bg7 3.g3 d6 4.Bg2 Nf6 5.Ne2 O-O 6.O-O Na6 7.h3 c5 8.d5 b5 9.f4 Nc7
10.c3 Bb7 11.a4 a6 12.Be3 e6 13.dxe6 Bxe4 14.exf7+ Rxf7 15.Bxe4 Nxe4 16.axb5 axb5
17.Rxa8 Qxa8 18.Nd2 Nd5 19.Bf2 Nxf2 20.Rxf2 Ne3 21.Qb1 Qd5 22.Nf3 b4 23.cxb4 cxb4
24.Qc1 Qd1+ 25.Qxd1 Nxd1 26.Rf1 Nxb2 27.Ned4 Nc4 28.Rc1 d5 29.Ra1 Rb7 30.Ra8+ Kf7
31.Nb3 h6 32.Ra6 Re7 33.Kf2 Bc3 34.g4 Re4 35.Ra7+ Ke8 36.Ra8+ Ke7 37.Ra7+ Kd8
38.Nc5 Re7 39.Ra6 Nd2 40.Ne6+ Kc8 41.Nfd4 Ne4+ 42.Kf3 Kb7 43.Ra5 Nf6 44.Rb5+ Kc8
45.f5 gxf5 46.gxf5 Rb7 47.Rc5+ Kd7 48.Nb3 Kd6 49.Ra5 Ke5 50.Nec5 Rg7 51.Ra6 Kxf5
52.Nd3 Rg1 53.Rb6 h5 54.Nxb4 h4 55.Nd3 Rg3+ 56.Ke2 Rxh3 57.Nbc5 Ne4 58.Rb8 Rh2+
59.Kf1 h3 60.Rf8+ Kg4 61.Rg8+ Kf3 62.Rf8+ Ke3 63.Kg1 Rg2+ 64.Kf1 Ng3+  0-1

[Event "Eu Blitz Ch"]
[Site "Panormo GRE"]
[Date "2002.10.02"]
[Round "7"]
[White "Sakaev,K"]
[Black "Milov,V"]
[Result "0-1"]
[WhiteElo "2647"]
[BlackElo "2620"]

1.d4 Nf6 2.c4 e6 3.Nf3 d5 4.Nc3 Bb4 5.Qa4+ Nc6 6.a3 Bxc3+ 7.bxc3 Ne4 8.Bb2 O-O
9.e3 Bd7 10.Qc2 Na5 11.Bd3 c5 12.O-O cxd4 13.exd4 Bc6 14.Ne5 Nf6 15.c5 b6
16.a4 bxc5 17.dxc5 Qc7 18.f4 Rab8 19.Ba3 Nb3 20.Rae1 Bxa4 21.Qf2 Bb5 22.Bxb5 Rxb5
23.c6 Rd8 24.Qe2 Rb6 25.Rf3 d4 26.c4 Na5 27.Bc5 Rbb8 28.Rh3 Nxc6 29.Nxc6 Qxc6
30.Be7 d3 31.Qf2 d2 32.Rd1 Rb1  0-1

[Event "Eu Blitz Ch"]
[Site "Panormo GRE"]
[Date "2002.10.02"]
[Round "8"]
[White "Milov,V"]
[Black "Ruck,R"]
[Result "0-1"]
[WhiteElo "2620"]
[BlackElo "2572"]

1.d4 Nf6 2.c4 g6 3.Nc3 Bg7 4.e4 O-O 5.Be2 c6 6.Bg5 d5 7.e5 Ne4 8.Be3 Nxc3
9.bxc3 dxc4 10.Bxc4 c5 11.Nf3 Nc6 12.O-O cxd4 13.cxd4 Bg4 14.Be2 Be6 15.Rb1 Bxa2
16.Rxb7 Bd5 17.Rb5 e6 18.Qa4 Rb8 19.Rc1 Rxb5 20.Bxb5 Bxf3 21.gxf3 Ne7 22.Qxa7 Nf5
23.f4 Qh4 24.Qb7 Bh6 25.Qf3 Rd8 26.Rd1 Qe7 27.Bc6 Qb4 28.d5 exd5 29.Bxd5 Re8
30.Qe4 Qxe4 31.Bxe4 Ng7 32.Rd7 Ne6 33.Bd5 Rf8 34.Bxe6 fxe6 35.Rd4 Kf7 36.Kg2 Re8
37.Kg3 Re7 38.Ra4 Rd7 39.Kg4 Bf8 40.Ra6 Be7 41.Rc6 Rb7 42.Bc5 Bxc5 43.Rxc5 Re7
44.Kg5 Kg7 45.h4 Rf7 46.Rc6 h5  0-1

[Event "Eu Blitz Ch"]
[Site "Panormo GRE"]
[Date "2002.10.02"]
[Round "8"]
[White "Ruck,R"]
[Black "Milov,V"]
[Result "1/2-1/2"]
[WhiteElo "2572"]
[BlackElo "2620"]

1.c4 e6 2.Nf3 Nf6 3.Nc3 d5 4.d4 Bb4 5.Bg5 Nbd7 6.cxd5 exd5 7.Qc2 O-O 8.e3 c5
9.Bd3 Qa5 10.O-O c4 11.Bf5 Re8 12.Nd2 g6 13.Bxd7 Nxd7 14.a3 Bxc3 15.Qxc3 Qxc3
16.bxc3 Nb6 17.a4 Bd7 18.a5 Na4 19.Ra3 b5 20.axb6 axb6 21.Rb1 b5 22.Bf4 Ra6
23.f3 Rea8 24.e4 Nb6 25.Rxa6 Rxa6 26.Bc7 Na4 27.Rc1 Bc6 28.Bd6 Nb2 29.Be7 Nd3
30.Rb1 b4 31.Bxb4 Ra2 32.exd5 Bxd5 33.Ne4 Bxe4 34.f4 Nxf4 35.Bd6 Ne2+ 36.Kf1 Nxc3
37.Rb8+ Kg7 38.Be5+ f6 39.Rb7+ Kh6 40.Re7 Kg5 41.Bf4+ Kxf4 42.d5 Ke3 43.d6 Rf2+
44.Kg1 Re2 45.h4 Re1+ 46.Kh2 Rd1 47.d7 Kf4 48.Rxe4+ Nxe4  1/2-1/2

[Event "Eu Blitz Ch"]
[Site "Panormo GRE"]
[Date "2002.10.02"]
[Round "10"]
[White "Grivas,E"]
[Black "Milov,V"]
[Result "1/2-1/2"]
[WhiteElo "2494"]
[BlackElo "2620"]

1.c4 e6 2.d4 Nf6 3.Nf3 d5 4.Nc3 Bb4 5.cxd5 exd5 6.Bg5 Nbd7 7.Rc1 c6 8.a3 Bd6
9.e3 Nf8 10.Bd3 Ng6 11.Nh4 O-O 12.Nxg6 fxg6 13.O-O Qe8 14.Bxf6 gxf6 15.e4 dxe4
16.Nxe4 Bf4 17.Rc2 Kg7 18.Re1 Qd8 19.Bc4 Bf5 20.Rce2 Bxe4 21.Rxe4 Bd6 22.Qb3 Qd7
23.Be6 Qc7 24.g3 f5 25.R4e2 f4 26.d5 fxg3 27.hxg3 cxd5 28.Qxd5 Rf6 29.Kg2 Raf8
30.Qc4 Qb6 31.Qc3 Bc5 32.f4 Bd4 33.Qb4 Qc6+ 34.Kh2 Bc5 35.Qc3 Qb6 36.Bd5 Bd4
37.Qb4 Bc5 38.Qxb6 Rxb6 39.b4 Bd6 40.Rh1  1/2-1/2

[Event "Eu Blitz Ch"]
[Site "Panormo GRE"]
[Date "2002.10.03"]
[Round "11"]
[White "Milov,V"]
[Black "Banikas,H"]
[Result "1-0"]
[WhiteElo "2620"]
[BlackElo "2520"]

1.c4 c5 2.Nf3 Nf6 3.Nc3 g6 4.d4 cxd4 5.Nxd4 Nc6 6.g3 d6 7.Bg2 Bd7 8.O-O Bg7
9.Nc2 O-O 10.Ne3 a6 11.Rb1 Rc8 12.b3 Qa5 13.Bb2 Qh5 14.Rc1 b5 15.Qd2 Ne5
16.cxb5 axb5 17.Ncd5 Nxd5 18.Nxd5 Rfe8 19.Rxc8 Bxc8 20.f4 Ng4 21.h3 Nh6 22.Bxg7 Kxg7
23.Qc3+ f6 24.g4 Bxg4 25.hxg4 Nxg4 26.Qh3 Qf5 27.Rc1 h5 28.e4 Qe6 29.Rc7 Kf8
30.Qc3 Nh6 31.Qf3 Ng4 32.Bh3 Rc8 33.Bxg4 hxg4 34.Qd3 Rxc7 35.Nxc7 Qd7 36.Nd5 Qa7+
37.Kg2 Qxa2+ 38.Kg3 Qb2 39.Qc3 Qe2 40.Qe3 Qc2 41.f5 g5 42.Nb4 Qd1 43.Nc6 Qh1
44.Nd4 Qh3+ 45.Kf2 Qh2+ 46.Kf1 g3 47.Ne2 Qh1+ 48.Ng1 Qh2 49.Qe2 Kg7 50.Qg2 g4
51.Ne2 Kh6 52.Nxg3 Kg5 53.Ne2 Kh4 54.Qxh2+  1-0

[Event "Eu Blitz Ch"]
[Site "Panormo GRE"]
[Date "2002.10.03"]
[Round "11"]
[White "Banikas,H"]
[Black "Milov,V"]
[Result "1-0"]
[WhiteElo "2520"]
[BlackElo "2620"]

1.d4 Nf6 2.c4 e6 3.Nf3 d5 4.Nc3 Bb4 5.Bg5 Nbd7 6.e3 c5 7.cxd5 exd5 8.Bd3 Qa5
9.Qc2 c4 10.Bf5 O-O 11.O-O Re8 12.Nd2 g6 13.Bh3 Bxc3 14.Qxc3 Qxc3 15.bxc3 Ne4
16.Nxe4 dxe4 17.Rfb1 Nb6 18.Bxc8 Rexc8 19.Rb5 Na4 20.Rc1 a6 21.Rxb7 Rab8
22.Rxb8 Rxb8 23.f3 exf3 24.gxf3 Rb2 25.d5 Kf8 26.e4 Rxa2 27.Rb1 Rb2 28.Ra1 Nc5
29.Be3 Nd3 30.Bd4 Rd2 31.Kf1 Nf4 32.Rxa6 Rxh2 33.Bf6 Ke8 34.Rd6 Ne6 35.dxe6 fxe6
36.Rxe6+ Kf7 37.Rc6 h5 38.Bd4 h4 39.Rf6+ Ke7 40.Kg1 Rh3 41.Rf4 g5 42.Bf6+ Ke6
43.Bxg5 Rg3+ 44.Kf2 Rxg5 45.Rxh4 Ra5 46.Ke3 Ra1 47.Rh6+ Kd7 48.Kd4 Rf1 49.Rh3  1-0

[Event "Eu Blitz Ch"]
[Site "Panormo GRE"]
[Date "2002.10.03"]
[Round "12"]
[White "Smirnov,P"]
[Black "Milov,V"]
[Result "0-1"]
[WhiteElo "2562"]
[BlackElo "2620"]

1.e4 e6 2.d4 d5 3.Nc3 dxe4 4.Nxe4 Nd7 5.Nf3 Ngf6 6.Nxf6+ Nxf6 7.Bg5 c5 8.Bc4 cxd4
9.O-O Be7 10.Qe2 h6 11.Bf4 O-O 12.Rad1 Qb6 13.Bb3 Bc5 14.Be5 Nd7 15.Bxd4 Bxd4
16.Rxd4 Nc5 17.Rfd1 Nxb3 18.axb3 Qc5 19.Ne5 b5 20.b4 Qb6 21.Rd6 Qc7 22.c3 a6
23.R1d3 f6 24.Ng6 Re8 25.Nf4 e5 26.Qh5 Qf7 27.Rd8 Qxh5 28.Nxh5 Bg4 29.Ng3 Bd7
30.f3 Kf7 31.Ne4 Bc8 32.Nc5 Ke7 33.g3 a5 34.b3 axb4 35.Ne4 Bd7 36.cxb4 Bc6
37.f4 exf4 38.gxf4 g5 39.Nc3 h5 40.Ne2 Bd7 41.Nd4 h4 42.Kf2 g4 43.Ke3 Bc6
44.Ne2 g3 45.Nc3 h3 46.hxg3 h2 47.g4 Bh1 48.Kd4 Bg2 49.Kc5 Bf1 50.Kd4 Bxd3
51.f5 Bxf5 52.Ke3  0-1

[Event "Eu Blitz Ch"]
[Site "Panormo GRE"]
[Date "2002.10.03"]
[Round "13"]
[White "Movsesian,S"]
[Black "Milov,V"]
[Result "1-0"]
[WhiteElo "2651"]
[BlackElo "2620"]

1.e4 c5 2.Nf3 Nc6 3.Nc3 d6 4.d4 cxd4 5.Nxd4 Nf6 6.h3 e5 7.Nde2 Be6 8.f4 exf4
9.Nxf4 Be7 10.Be3 O-O 11.Qd2 Ne5 12.O-O-O a6 13.g4 Rc8 14.Kb1 b5 15.g5 Nfd7
16.h4 Nc5 17.Qg2 Nc4 18.Bxc4 Bxc4 19.Bd4 Ne6 20.Ncd5 Nxf4 21.Nxf4 Re8 22.Rhg1 Bf8
23.h5 Qe7 24.Rde1 b4 25.b3 Be6 26.h6 g6 27.Qf2 Qd8 28.Bb2 Rc5 29.Qd4 Re5
30.Nd3 f6 31.gxf6 Bxh6 32.Nxe5 dxe5 33.Qxe5 Bf7 34.Qh2 Bf8 35.Rh1 h5 36.Reg1 Kh7
37.e5 Qc8 38.Qg3 a5 39.Qd3 Qf5 40.Qxf5 gxf5 41.Rd1 Bc5 42.Rd7 Kg6 43.Rh2 Rf8
44.Rg2+ Kh6 45.Bc1+  1-0

[Event "Eu Blitz Ch"]
[Site "Panormo GRE"]
[Date "2002.10.03"]
[Round "13"]
[White "Milov,V"]
[Black "Movsesian,S"]
[Result "0-1"]
[WhiteElo "2620"]
[BlackElo "2651"]

1.c4 Nf6 2.Nc3 g6 3.e4 d6 4.d4 Bg7 5.Be2 O-O 6.Bg5 a6 7.Nf3 c6 8.O-O b5 9.a3 Nbd7
10.Rc1 Bb7 11.Re1 h6 12.Bh4 e5 13.d5 cxd5 14.cxd5 Qb6 15.Nd2 Rfc8 16.b4 Rc7
17.Qb3 Rac8 18.Na2 Qd4 19.Qe3 Qb2 20.Ra1 Rc2 21.Reb1 Qd4 22.Rd1 Rb2 23.Nc1 Rxd2  0-1

[Event "Eu Blitz Ch"]
[Site "Panormo GRE"]
[Date "2002.10.03"]
[Round "14"]
[White "Volkov,S"]
[Black "Milov,V"]
[Result "1-0"]
[WhiteElo "2642"]
[BlackElo "2620"]

1.d4 Nf6 2.c4 e6 3.Nc3 Bb4 4.f3 d5 5.a3 Bxc3+ 6.bxc3 c5 7.cxd5 Nxd5 8.dxc5 f5
9.Nh3 O-O 10.c4 Nf6 11.Qxd8 Rxd8 12.Nf2 Na6 13.Nd3 Bd7 14.Rb1 Bc6 15.Bf4 Nd7
16.Bd6 Kf7 17.e3 Kf6 18.Be2 e5 19.O-O Re8 20.e4 g6 21.f4 Bxe4 22.fxe5+ Kg7
23.Rb5 Rac8 24.g4 Bxd3 25.Bxd3 Naxc5 26.gxf5 Nxd3 27.Rxb7 Nxe5 28.Bxe5+ Rxe5
29.f6+ Kh6 30.Rxd7 Rg5+ 31.Kh1 a5 32.Rd5 Rg4 33.c5 Rc4 34.Re5 Rf8 35.Kg2 g5
36.f7 Kg6 37.Ref5 Rg4+ 38.Kh3 Ra4 39.c6 Rxa3+ 40.R5f3 Ra4 41.Rc3 Rh4+ 42.Kg3 Rf4
43.Rxf4 gxf4+ 44.Kxf4 Kxf7 45.Ke5 Ke7 46.Rh3 Rh8 47.Kd5 Kd8 48.Kd6 h5 49.Rf3 Rh6+
50.Kc5 a4 51.Kb6  1-0

[Event "Eu Blitz Ch"]
[Site "Panormo GRE"]
[Date "2002.10.03"]
[Round "16"]
[White "Nielsen,PH"]
[Black "Milov,V"]
[Result "1/2-1/2"]
[WhiteElo "2620"]
[BlackElo "2620"]

1.d4 Nf6 2.Nf3 d5 3.c4 e6 4.g3 dxc4 5.Bg2 Nc6 6.Qa4 Bd6 7.Qxc4 O-O 8.O-O e5
9.Nc3 exd4 10.Nxd4 Nxd4 11.Qxd4 Qe7 12.Bf4 Bxf4 13.Qxf4 c6 14.Rfd1 Be6 15.Rd2 Rfd8
16.Rad1 Rxd2 17.Rxd2 Rd8 18.h3 h6 19.g4 Rxd2 20.Qxd2 a5 21.a3 Bb3 22.e3 Qd7
23.Ne4 Qxd2 24.Nxd2 Be6 25.Kf1 Kf8 26.Ke2 Ke7 27.f4 g5 28.fxg5 hxg5 29.Nf3 Nh7
30.Nd4 f6 31.b4 axb4 32.axb4 Bd7 33.Nb3 b6 34.Kd3 Nf8 35.Nd4 Kd6 36.Bf3 Ng6
37.Be4 Ne5+ 38.Kc3 c5 39.bxc5+ Kxc5 40.Nb3+ Kd6 41.Nd2 Be6 42.Bc2 Nd7 43.Ne4+ Ke5
44.Nd2 Bd5 45.Bf5 Nc5 46.Kb4 Kd6 47.e4 Bf7 48.Nf3 Nd3+ 49.Kb5 Kc7 50.h4 gxh4
51.Nxh4 Ne5 52.Ng2 Be8+ 53.Kb4 Kd6 54.Nf4 Bc6 55.Nh5 Ke7 56.Nf4 Nf3 57.Ng6+ Kd6
58.Nf4 Nd2 59.Nh3 Nxe4 60.Bxe4 Bxe4 61.g5 Bf5 62.gxf6 Ke5  1/2-1/2

[Event "Gp A"]
[Site "Cap d'Agde FRA"]
[Date "2002.10.24"]
[Round "2"]
[White "Milov,V"]
[Black "Adianto,U"]
[Result "1/2-1/2"]
[WhiteElo "2620"]
[BlackElo "2562"]

1.c4 e5 2.Nc3 Bb4 3.Nf3 Bxc3 4.dxc3 Nc6 5.e4 Nf6 6.Bd3 d6 7.Nd2 O-O 8.Nf1 Ne7
9.Ne3 Ng6 10.g3 Bh3 11.Qe2 a5 12.f3 c6 13.Nd1 d5 14.cxd5 cxd5 15.Nf2 Be6
16.O-O a4 17.Be3 Qc7 18.Rfd1 a3 19.b3 dxe4 20.fxe4 Nd7 21.Rac1 Rfd8 22.Bb5 Ne7
23.Rd2 h6 24.Rcd1 Nc6 25.Bc4 Bxc4 26.Qxc4 Nf6 27.b4 Rxd2 28.Rxd2 Qc8 29.Bb6 Nd7
30.Be3 Nf6 31.Bb6 Nd7  1/2-1/2